000 00342nam a2200133Ia 4500
008 230901s2007 xx 000 0 und d
041 _aeng
082 _a610.73069/CAT
100 _aCATALANO
245 _aNURSING NOW TODAY'S ISSUES, TOMORROW'S TRENDS
260 _bJAPEE. BRO.
_c2007
300 _a138
650 _aNURSING ADMINISTRATION
999 _c865902
_d865902